Sportifs Français champions du monde, d'Europe ou JO (extrême) - Statistiques

Statistiques générales
  • Ce quiz a été pris 113 fois
  • Le résultat moyen est 4 sur 16
Statistiques - réponses
Par images Réponse % Correct
Estelle Mossely
66%
Luc Abalo
60%
Bernard Diomède
45%
Marie Dorin-Habert
45%
Mathilde Gros
35%
Amaury Leveaux
34%
Emilie Le Pennec
26%
Jean Quiquampoix
18%
Karine Ruby
11%
Angelo Parisi
6%
Daniel Morelon
6%
Pierre et Andrée Brunet
1%
Louis Hostin
0%
Lucien Gaudin
0%
Marion Haerty
0%
Nicolas Henard
0%
Aucun quiz correspondant
Distribution des résultats
% des personnes avec chaque résultat
Percentile par nombre de réponses
Votre historique - résultats
Vous n’avez pas pris ce quiz